000 00855nam a2200217Ia 4500
001 14692
005 20260414172108.0
008 260306t2006||||xx |||||||||||||| ||spa||
041 _aESP
082 _a515.63
_bT48 V. 2 2006
100 _aThomas, George B., Jr.
_eAUT
245 0 _aCálculo :
_bvarias variables
260 _c2006
300 _axvi, páginas 685-1228 :
_c27 cm.
650 _aGEN
654 _aCMA
856 _uhttps://itmsp.museknowledge.com/UCSP?url=https://www.ebooks7-24.com:443/?il=3419&pg=1
_zVersión digital (2015)
856 _uhttps://0u213wfsp-y-https-ebooks7--24-com.itmsp.museknowledge.com/biblioteca.aspx
_zVéase además: Base de datos Ebook7-24
856 _uhttps://0u20fwfss-y-https-research-ebsco-com.itmsp.museknowledge.com/c/qxo6us/search
_zVéase además: Base de datos EBSCOhost
942 _cLIB
_dJUS
_fJUS
_2ddc
999 _c14692
_d14692